A chaque oeuvre son peintre - Statistiques

Statistiques générales
  • Ce quiz a été pris 737 fois
  • Le résultat moyen est 18 sur 32
Statistiques - réponses
Tableaux Peintres % Correct
Les Nymphéas Claude Monet
97%
La Joconde Léonard de Vinci
97%
Guernica Pablo Picasso
95%
Les Tournesols Vincent Van Gogh
95%
Le Déjeuner sur l'herbe Edouard Manet
91%
Le Cri Edvard Munch
87%
La Liberté guidant le peuple Eugène Delacroix
86%
Femmes de Tahiti Paul Gauguin
76%
La Naissance de Venus Sandro Botticelli
76%
Le Déjeuner des canotiers Auguste Renoir
69%
Le Baiser Gustav Klimt
69%
La Création d'Adam Michel-Ange
67%
La Ronde de nuit Rembrandt
65%
Le Radeau de la Méduse Théodore Géricault
65%
La Montagne Sainte-Victoire Paul Cézanne
63%
Les Ménines Diego Velazquez
60%
Diptyque Marilyn Andy Warhol
59%
Saturne dévorant son enfant Francisco de Goya
50%
Bal au Moulin Rouge Henri de Toulouse-Lautrec
50%
L'Absinthe Edgar Degas
49%
La Métamorphose de Narcisse Salvador Dali
47%
La Trahison des images René Magritte
45%
La Danse Henri Matisse
43%
L'Angelus Jean-François Millet
43%
La Grande Odalisque Jean-Auguste-Dominique Ingres
40%
La Sainte Famille Raphaël
37%
L'Allégorie de la foi Johannes Vermeer
26%
Carré noir sur fond blanc Kasimir Malevitch
24%
L'Adoration des mages Pierre Paul Rubens
24%
Une Voix inconnue Vassily Kandinsky
21%
Pêcheurs en mer William Turner
17%
Le Grand nu Georges Braque
15%
Aucun quiz correspondant
Distribution des résultats
% des personnes avec chaque résultat
Percentile par nombre de réponses
Votre historique - résultats
Vous n’avez pas pris ce quiz